[Event "EU-chT Seniors 15th"]
[Site "Dresden"]
[Date "2013.07.25"]
[Round "6"]
[White "Fleischer, Martin"]
[Black "Alkkiomaki, Jyrki"]
[Result "0-1"]
[WhiteElo "1912"]
[BlackElo "1977"]
[EventDate "2013.07.20"]
[PlyCount "73"]

1.e4 e5 2.Nf3 Nc6 3.c3 d5 4.Bb5 dxe4 5.Nxe5 Qd5 6.Qa4 Ne7 7.Nxc6 Nxc6 8.
O-O Be7 9.c4 Qd6 10.Nc3 f5 11.Nd5 Bd7 12.Nxe7 Qxe7 13.Bxc6 Bxc6 14.Qa5 O-O
15.b3 Qf7 16.Bb2 f4 17.Qg5 Rfd8 18.Be5 f3 19.gxf3 exf3 20.d4 h6 21.Qg3 
Rac8 22.Rfe1 Bd7 23.d5 Rf8 24.h4 h5 25.Bxc7 Bg4 26.Rad1 Rxc7 27.d6 Rd7 28.
Re7 Qf6 29.c5 Rxe7 30.dxe7 Re8 31.Qc7 Bf5 32.Rd3 Qg6+ 33.Qg3 Qxg3+ 34.fxg3
Bg4 35.c6 bxc6 36.Rc3 Rxe7 37.Rxc6 0-1

[Event "EU-chT Seniors 15th"]
[Site "Dresden"]
[Date "2013.07.25"]
[Round "6"]
[White "Ranki, Martti"]
[Black "Micheel, Peter"]
[Result "1/2-1/2"]
[WhiteElo "1925"]
[BlackElo "1926"]
[EventDate "2013.07.20"]
[PlyCount "69"]

1.e4 d5 2.exd5 Qxd5 3.d4 e5 4.dxe5 Qxd1+ 5.Kxd1 Bc5 6.f4 Nh6 7.Be2 Nc6 8.
c3 Bf5 9.Ke1 Ng4 10.Nf3 O-O-O 11.Na3 Nf2 12.Rf1 Nd3+ 13.Bxd3 Bxd3 14.Rh1 
Be4 15.Nc4 Rd3 16.Ke2 Rhd8 17.Be3 Bxe3 18.Nxe3 Bxf3+ 19.Kxf3 Ne7 20.Rad1 
Nf5 21.Rxd3 Rxd3 22.Re1 Nxe3 23.Rxe3 Rd1 24.e6 fxe6 25.Rxe6 Kd7 26.Re2 g6 
27.Kg4 Rd5 28.Kf3 a5 29.g4 Rd6 30.h4 Rd3+ 31.Kg2 a4 32.a3 Kd6 33.f5 gxf5 
34.gxf5 Rd5 35.Re4 1/2-1/2

[Event "EU-chT Seniors 15th"]
[Site "Dresden"]
[Date "2013.07.25"]
[Round "6"]
[White "Giulian, Philip"]
[Black "Ghijsen, Pim"]
[Result "1/2-1/2"]
[WhiteElo "2230"]
[BlackElo "2187"]
[EventDate "2013.07.20"]
[PlyCount "166"]

1.d4 d5 2.c4 c6 3.cxd5 cxd5 4.Bf4 Nc6 5.e3 Nf6 6.Nc3 e6 7.Bd3 Be7 8.h3 O-O
9.Nf3 Bd7 10.O-O a6 11.Rc1 Rc8 12.Ne5 Be8 13.Qe2 Nd7 14.Nxc6 Rxc6 15.e4 
dxe4 16.Bxe4 Rb6 17.d5 Nf6 18.Rfd1 Qd7 19.Be3 Rb4 20.d6 Bd8 21.Bc5 a5 22.
Bxb4 axb4 23.Nb1 Nxe4 24.Qxe4 Qb5 25.Qc4 Qxc4 26.Rxc4 Bd7 27.Rxb4 b5 28.
Rb3 Ba5 29.Ra3 Bb6 30.Ra6 Rb8 31.Nc3 Kf8 32.b4 Ke8 33.Ne4 Bc8 34.Ra3 Bb7 
35.Nc5 Bd5 36.Rd2 Rd8 37.d7+ Ke7 38.Re3 Bxc5 39.bxc5 Kxd7 40.Ra3 Kc6 41.
Ra7 Rd7 42.Rxd7 Kxd7 43.a3 Kc6 44.Rc2 Bc4 45.a4 Kxc5 46.axb5 Kxb5 47.Rb2+ 
Kc6 48.Rb8 Bd3 49.Rg8 h5 50.Rxg7 Bg6 51.Rg8 Kd7 52.Kf1 Ke7 53.Ke2 Kf6 54.
Ke3 Bh7 55.Ra8 Bg6 56.Ra5 Kg7 57.Kf4 f6 58.Ra7+ Kh6 59.h4 e5+ 60.Ke3 Bf5 
61.Ra6 Kg6 62.g3 Bh3 63.Rb6 Bf5 64.Kd2 Be4 65.Kc3 Kf5 66.Kc4 Bf3 67.Kc5 
Kg6 68.Kd6 Kf7 69.Ra6 Bg4 70.Ra7+ Kf8 71.Kd5 Bf5 72.Kc4 Bg6 73.Kc3 Bf7 74.
Kd3 Kg7 75.Ke4 Kg6 76.Rxf7 Kxf7 77.Kf5 Kg7 78.f3 Kf7 79.g4 hxg4 80.Kxg4 
Ke6 81.h5 f5+ 82.Kg5 e4 83.fxe4 fxe4 1/2-1/2

[Event "EU-chT Seniors 15th"]
[Site "Dresden"]
[Date "2013.07.25"]
[Round "6"]
[White "Lindner, Jan Joost"]
[Black "Raj, Bhopal"]
[Result "1-0"]
[WhiteElo "2157"]
[BlackElo "2077"]
[EventDate "2013.07.20"]
[PlyCount "99"]

1.f4 d5 2.Nf3 Nc6 3.e3 Bg4 4.Bb5 Qd6 5.O-O O-O-O 6.b3 Qc5 7.Bxc6 Qxc6 8.
Bb2 f6 9.Nc3 Nh6 10.h3 Bxf3 11.Qxf3 e5 12.fxe5 fxe5 13.Ne2 Bd6 14.c4 Qe8 
15.cxd5 e4 16.Qf2 Rf8 17.Qh4 Qg6 18.Nf4 Bxf4 19.Rxf4 Rfe8 20.Raf1 Rxd5 21.
Rf8 Rdd8 22.Rxe8 Rxe8 23.Qf4 Re7 24.Qf8+ Kd7 25.Ba3 Rf7 26.Rxf7+ Qxf7 27.
Qb4 Qe6 28.Qd4+ Kc8 29.Qxg7 b6 30.Qxh7 Kb7 31.Qe7 Qd5 32.Bb2 Nf7 33.Bc3 
Nd6 34.Qe5 Qd3 35.Kh2 a5 36.a4 Kc6 37.b4 axb4 38.Bxb4 Nc4 39.Qc3 Qe2 40.
Qd4 Nd6 41.Bxd6 cxd6 42.Qxe4+ Kc7 43.Qd4 Qd1 44.Qc3+ Kb7 45.Qb4 Kc7 46.a5 
bxa5 47.Qxa5+ Kc6 48.Qa6+ Kd5 49.Qb7+ Ke6 50.Qe4+ 1-0

[Event "EU-chT Seniors 15th"]
[Site "Dresden"]
[Date "2013.07.25"]
[Round "6"]
[White "Marks, Ian"]
[Black "Jongsma, Alexander"]
[Result "0-1"]
[WhiteElo "1981"]
[BlackElo "2148"]
[EventDate "2013.07.20"]
[PlyCount "88"]

1.c4 Nf6 2.Nc3 e5 3.Nf3 Nc6 4.g3 d6 5.Bg2 Be7 6.O-O O-O 7.d4 Bg4 8.d5 Na5 
9.Qd3 c5 10.e4 Qd7 11.Rb1 Rfc8 12.b3 Bd8 13.Nd2 Bh3 14.a3 Bxg2 15.Kxg2 a6 
16.a4 Ne8 17.f4 exf4 18.gxf4 Bf6 19.Nf3 Qg4+ 20.Kh1 Qh5 21.Bd2 b6 22.Ne2 
Ra7 23.Ng3 Qh3 24.e5 Bd8 25.Ne4 f5 26.Nxd6 Nxd6 27.exd6 Bf6 28.Qe2 Rd8 29.
Qe6+ Rf7 30.d7 Nxb3 31.Qxb6 Nxd2 32.Nxd2 Qd3 33.Rbd1 Rfxd7 34.Qxc5 Bd4 35.
Qa5 Bc3 36.Qxa6 Bxd2 37.Qe6+ Kf8 38.Rf2 Re7 39.Qb6 Rde8 40.Rdxd2 Re1+ 41.
Kg2 Qe4+ 42.Kh3 Re3+ 43.Kh4 Qe7+ 44.Kh5 Rh3# 0-1

[Event "EU-chT Seniors 15th"]
[Site "Dresden"]
[Date "2013.07.25"]
[Round "6"]
[White "Van Dongen, Rob"]
[Black "Dawson, Alastair"]
[Result "1-0"]
[WhiteElo "1986"]
[BlackElo "1900"]
[EventDate "2013.07.20"]
[PlyCount "117"]

1.d4 e6 2.c4 Nf6 3.Nc3 b6 4.e4 d6 5.Nf3 Bb7 6.Bd3 Nbd7 7.O-O Be7 8.Re1 O-O
9.e5 dxe5 10.dxe5 Ne8 11.Ne4 g6 12.Bh6 Ng7 13.Qe2 Re8 14.Rad1 Nf5 15.Bg5 
Bxg5 16.Nexg5 Bxf3 17.Nxf3 Qe7 18.Be4 Rad8 19.Bc6 Rf8 20.Bxd7 Rxd7 21.Rxd7
Qxd7 22.Rd1 Qc8 23.Qd2 h5 24.h3 Kg7 25.g4 hxg4 26.hxg4 Nh6 27.g5 Nf5 28.
Nd4 Nxd4 29.Qxd4 Qe8 30.Qf4 Qe7 31.Kg2 Re8 32.Kf3 Rf8 33.b4 Re8 34.Qf6+ 
Qxf6+ 35.exf6+ Kf8 36.Rd7 Rc8 37.Ke4 Ke8 38.Re7+ Kf8 39.Rd7 Ke8 40.Re7+ 
Kf8 41.a4 a6 42.Kd3 Rd8+ 43.Kc3 Rd1 44.Rxc7 Ke8 45.Re7+ Kd8 46.Rxf7 Rf1 
47.Rg7 Rxf2 48.Rxg6 Ke8 49.Rg7 Kf8 50.Re7 Rf5 51.Rxe6 Rxg5 52.Rxb6 a5 53.
b5 Rg3+ 54.Kd4 Ra3 55.Kd5 Rd3+ 56.Kc6 Ra3 57.c5 Rxa4 58.Kb7 Rh4 59.c6 1-0

[Event "EU-chT Seniors 15th"]
[Site "Dresden"]
[Date "2013.07.25"]
[Round "6"]
[White "Golcman, Evgeny"]
[Black "Pauchard, Pierre"]
[Result "1-0"]
[WhiteElo "2264"]
[BlackElo "2106"]
[EventDate "2013.07.20"]
[PlyCount "69"]

1.c4 f5 2.Nf3 Nf6 3.g3 d6 4.d4 e6 5.Bg2 Be7 6.O-O O-O 7.Nc3 a5 8.Qc2 Nc6 
9.d5 Nb4 10.Qd1 e5 11.a3 Na6 12.b4 e4 13.Nd4 Bd7 14.Rb1 axb4 15.axb4 c5 
16.dxc6 bxc6 17.b5 c5 18.Nc2 Nc7 19.f3 exf3 20.exf3 Be6 21.Ne3 f4 22.gxf4 
Nh5 23.b6 Na6 24.f5 Bxf5 25.Qd5+ Kh8 26.Nxf5 Nb4 27.Qe4 Re8 28.Qg4 g6 29.
Nxe7 Qxe7 30.f4 Nf6 31.Qh4 Rab8 32.f5 Nh5 33.Bg5 Qe5 34.Nd5 Rf8 35.Rbe1 
1-0

[Event "EU-chT Seniors 15th"]
[Site "Dresden"]
[Date "2013.07.25"]
[Round "6"]
[White "Hohler, Peter"]
[Black "Shushpanov, Vladimir"]
[Result "1/2-1/2"]
[WhiteElo "2180"]
[BlackElo "2308"]
[EventDate "2013.07.20"]
[PlyCount "73"]

1.c4 Nf6 2.Nc3 d5 3.cxd5 Nxd5 4.Nf3 g6 5.d4 Bg7 6.e4 Nxc3 7.bxc3 O-O 8.Be2
c5 9.Rb1 b6 10.O-O Bb7 11.Qd3 cxd4 12.cxd4 Nd7 13.Rd1 Nf6 14.d5 Qc7 15.Ba3
Rfc8 16.Qe3 Qd8 17.Nd4 Bf8 18.Rbc1 Rxc1 19.Rxc1 Rc8 20.Bf3 Qd7 21.Rxc8 
Bxc8 22.Bb2 Qa4 23.Qb3 Qa5 24.Bc3 Qc5 25.Qb2 Bd7 26.h3 Bg7 27.Nb3 Qc4 28.
Nd2 Qd3 29.Be5 Ne8 30.Bxg7 Nxg7 31.e5 Nf5 32.g3 b5 33.Bg2 Qe2 34.Bf3 Qd3 
35.Bd1 a6 36.a3 a5 37.Kg2 1/2-1/2

[Event "EU-chT Seniors 15th"]
[Site "Dresden"]
[Date "2013.07.25"]
[Round "6"]
[White "Karasev, Vladimir"]
[Black "Bhend, Edwin"]
[Result "1-0"]
[WhiteElo "2363"]
[BlackElo "2221"]
[EventDate "2013.07.20"]
[PlyCount "67"]

1.e3 b6 2.c4 Bb7 3.Nc3 e6 4.d4 Nf6 5.Nf3 Be7 6.Bd3 d5 7.cxd5 exd5 8.Qa4+ 
c6 9.Ne5 O-O 10.O-O Qc7 11.Bd2 Nbd7 12.f4 c5 13.Rac1 a6 14.Bf5 b5 15.Qd1 
g6 16.Bh3 c4 17.a3 Nxe5 18.fxe5 Ne4 19.Nxe4 dxe4 20.Bb4 Bd5 21.Bxe7 Qxe7 
22.Rf6 b4 23.Qa4 bxa3 24.bxa3 Qb7 25.Rd6 Rad8 26.Bd7 Rb8 27.h3 Kg7 28.Kh2 
h5 29.h4 a5 30.Kg3 Kh6 31.Kh2 f5 32.Bc6 Qe7 33.Rf6 Bg8 34.Qxa5 1-0

[Event "EU-chT Seniors 15th"]
[Site "Dresden"]
[Date "2013.07.25"]
[Round "6"]
[White "Vucenovic, Dragomir"]
[Black "Faibisovich, Vadim"]
[Result "1/2-1/2"]
[WhiteElo "2271"]
[BlackElo "2348"]
[EventDate "2013.07.20"]
[PlyCount "51"]

1.d4 Nf6 2.Nf3 e6 3.Bg5 d5 4.Nbd2 Be7 5.e3 b6 6.c3 Bb7 7.Bd3 Ne4 8.Bf4 Nd7
9.Ne5 Nxe5 10.Bxe5 f6 11.Bg3 O-O 12.f3 Nxd2 13.Qxd2 c5 14.O-O Bd6 15.f4 c4
16.Be2 f5 17.Rfb1 b5 18.b3 Qd7 19.a4 a6 20.Qd1 Bc6 21.axb5 axb5 22.Qc1 
Rxa1 23.Rxa1 Ra8 24.Rxa8+ Bxa8 25.Qa1 Bc6 26.b4 1/2-1/2

[Event "EU-chT Seniors 15th"]
[Site "Dresden"]
[Date "2013.07.26"]
[Round "7"]
[White "Danner, Lambert"]
[Black "Weber, Bernd"]
[Result "1/2-1/2"]
[WhiteElo "2124"]
[BlackElo "2155"]
[EventDate "2013.07.20"]
[PlyCount "118"]

1.g3 Nf6 2.Nf3 d5 3.c4 c6 4.Bg2 Bf5 5.cxd5 cxd5 6.Qb3 Qc7 7.Nc3 e6 8.d3 
Nc6 9.O-O Be7 10.Bf4 Qd7 11.Rfc1 O-O 12.e4 Bg4 13.exd5 Bxf3 14.dxc6 Bxc6 
15.Bxc6 bxc6 16.Qc4 Rfd8 17.Na4 Rac8 18.Be3 Qxd3 19.Qxd3 Rxd3 20.Bxa7 Ra8 
21.Bc5 Bxc5 22.Nxc5 Rd2 23.Rcb1 Ng4 24.Ne4 Re2 25.h3 Ne5 26.Nc3 Rc2 27.Nd1
Nd3 28.a4 Kf8 29.Ra3 Nb4 30.Rc3 Rxa4 31.Ne3 Rxc3 32.bxc3 Nd5 33.Nd1 Ke7 
34.Kf1 Ra7 35.c4 Nf6 36.Rb2 Kd6 37.Ke2 Kc5 38.Ne3 Ne8 39.Rc2 Nd6 40.Kd3 e5
41.f3 f5 42.g4 g6 43.gxf5 gxf5 44.Ke2 h5 45.Nd1 Ra3 46.Nf2 Nxc4 47.Nd3+ 
Kd4 48.Nb4 Kc5 49.Nxc6 Kb5 50.Ne7 f4 51.Ng6 Kb4 52.Kf2 Kb3 53.Re2 Ra5 54.
Re4 Kc3 55.Nxf4 exf4 56.Rxf4 Rg5 57.Rf6 Re5 58.f4 Rb5 59.Kg3 Ne3 1/2-1/2

[Event "EU-chT Seniors 15th"]
[Site "Dresden"]
[Date "2013.07.26"]
[Round "7"]
[White "Lehmann, Karl Heinz"]
[Black "Danner, Georg"]
[Result "1/2-1/2"]
[WhiteElo "2114"]
[BlackElo "2315"]
[EventDate "2013.07.20"]
[PlyCount "109"]

1.d4 f5 2.g3 g6 3.Bg2 Bg7 4.Nf3 d6 5.O-O Nh6 6.c4 c6 7.Nc3 O-O 8.d5 e5 9.
dxe6 Bxe6 10.Qd3 Nf7 11.b3 Na6 12.Bb2 Qe7 13.Rfe1 Rfe8 14.Rad1 Nc5 15.Qc2 
a5 16.Nd4 Bd7 17.e3 Qf8 18.a3 Ne5 19.Nf3 Rad8 20.b4 axb4 21.axb4 Ne6 22.
Ne2 Nxf3+ 23.Bxf3 Bxb2 24.Qxb2 Ng5 25.Bg2 Be6 26.Qc2 d5 27.c5 Qf6 28.Qc3 
Qxc3 29.Nxc3 Ra8 30.Ra1 Kf8 31.Ne2 Bd7 32.Nd4 Nf7 33.Bf1 Ne5 34.Reb1 Ke7 
35.Be2 Be6 36.Kf1 Nd7 37.Ke1 Kf6 38.Kd2 g5 39.Rh1 h6 40.Kc3 Rec8 41.Nb3 
Bf7 42.Rxa8 Rxa8 43.Ra1 Rxa1 44.Nxa1 Ke5 45.Nb3 b6 46.cxb6 Nxb6 47.Nc5 Nc8
48.f4+ gxf4 49.exf4+ Kd6 50.Kd4 Ne7 51.Bd3 Bh5 52.Nb7+ Kc7 53.Nc5 Kd6 54.
Nb7+ Kc7 55.Nc5 1/2-1/2

[Event "EU-chT Seniors 15th"]
[Site "Dresden"]
[Date "2013.07.26"]
[Round "7"]
[White "Pruefer, Friedbert"]
[Black "Woeber, Friedrich"]
[Result "1/2-1/2"]
[WhiteElo "2155"]
[BlackElo "2192"]
[EventDate "2013.07.20"]
[PlyCount "81"]

1.d4 Nf6 2.c4 c5 3.d5 b5 4.cxb5 a6 5.bxa6 g6 6.Nc3 Bxa6 7.f4 d6 8.Nf3 Bg7 
9.e4 Bxf1 10.Rxf1 Nfd7 11.Kf2 O-O 12.Kg1 Qb6 13.Qe2 Na6 14.Nd2 Nb4 15.Nc4 
Qa6 16.Kh1 Nc2 17.Qxc2 Qxc4 18.Re1 Rfb8 19.Bd2 Qa6 20.a4 Rb4 21.a5 Rab8 
22.Ra2 Rb3 23.h3 Bd4 24.Rb1 e6 25.dxe6 fxe6 26.Re1 c4 27.Na4 Qb5 28.Rb1 
Qh5 29.Nc3 Nc5 30.a6 Nd3 31.a7 Ra8 32.Rba1 Rb7 33.Qa4 Qc5 34.Nd1 Rbxa7 35.
Qxa7 Rxa7 36.Rxa7 Qxa7 37.Rxa7 Bxa7 38.g3 Bd4 39.Bc3 Bxc3 40.bxc3 Nc5 41.
Nf2 1/2-1/2

[Event "EU-chT Seniors 15th"]
[Site "Dresden"]
[Date "2013.07.26"]
[Round "7"]
[White "Boehm, Erwin"]
[Black "Jongsma, Alexander"]
[Result "1/2-1/2"]
[WhiteElo "2221"]
[BlackElo "2148"]
[EventDate "2013.07.20"]
[PlyCount "92"]

1.e4 c5 2.Nc3 g6 3.g3 Bg7 4.Bg2 Nc6 5.d3 d6 6.Be3 Nh6 7.h3 f5 8.Qd2 Nf7 9.
f4 Nd4 10.Nd1 Rb8 11.c3 Nc6 12.Nf2 O-O 13.Nf3 e5 14.O-O Nd4 15.cxd4 cxd4 
16.Bxd4 exd4 17.Qb4 Qf6 18.Rac1 Rd8 19.Qd2 Be6 20.Rc7 Rdc8 21.Rfc1 Qd8 22.
Rxc8 Rxc8 23.Rxc8 Qxc8 24.exf5 gxf5 25.a3 Qc5 26.Qe2 Qc1+ 27.Kh2 Qe3 28.
Qc2 Bd7 29.Nd1 Qe6 30.b4 Bf6 31.Ng1 b5 32.Bf3 Bd8 33.Ne2 Bb6 34.Kg2 Nd8 
35.g4 Qg6 36.Nf2 fxg4 37.hxg4 h5 38.g5 Ne6 39.Ne4 Bd8 40.Qc1 h4 41.Kh2 Qf5
42.Bg2 Qg4 43.Qf1 Qh5 44.Qf3 Qxf3 45.Bxf3 d5 46.Nf2 Nxf4 1/2-1/2

[Event "EU-chT Seniors 15th"]
[Site "Dresden"]
[Date "2013.07.26"]
[Round "7"]
[White "Lindner, Jan Joost"]
[Black "Kugelmann, Werner"]
[Result "1/2-1/2"]
[WhiteElo "2157"]
[BlackElo "2143"]
[EventDate "2013.07.20"]
[PlyCount "43"]

1.f4 d5 2.Nf3 g6 3.e3 Bg7 4.Be2 c5 5.d3 Nc6 6.O-O e6 7.Qe1 Nge7 8.e4 O-O 
9.c3 b6 10.Na3 Ba6 11.e5 Rc8 12.Nc2 h5 13.Rb1 Nf5 14.Bd2 Qd7 15.a3 d4 16.
c4 Bxc4 17.dxc4 d3 18.Ne3 dxe2 19.Qxe2 Ncd4 20.Nxd4 Qxd4 21.Kh1 Qe4 22.Qf3
1/2-1/2

[Event "EU-chT Seniors 15th"]
[Site "Dresden"]
[Date "2013.07.26"]
[Round "7"]
[White "Weiss, Werner"]
[Black "Ghijsen, Pim"]
[Result "1/2-1/2"]
[WhiteElo "2189"]
[BlackElo "2187"]
[EventDate "2013.07.20"]
[PlyCount "86"]

1.e4 c5 2.Nf3 a6 3.d3 Nc6 4.g3 g6 5.Bg2 Bg7 6.O-O d6 7.c3 Nf6 8.Re1 O-O 9.
Nbd2 e5 10.Nf1 h6 11.Ne3 Be6 12.Nh4 d5 13.c4 dxe4 14.dxe4 Nd4 15.Nd5 Ne8 
16.Nf3 Nc7 17.Nxd4 cxd4 18.b3 b5 19.f4 Kh7 20.fxe5 Bxe5 21.Bb2 bxc4 22.
bxc4 Rc8 23.Bxd4 Bxd5 24.cxd5 Qd6 25.Rc1 Nb5 26.Bxe5 Qxe5 27.Rxc8 Rxc8 28.
Qf3 Nd6 29.Rf1 Kg7 30.Qf4 f6 31.Qxe5 fxe5 32.Rb1 Kf7 33.Rb6 Rc1+ 34.Kf2 
Rc2+ 35.Kf3 Nxe4 36.Kxe4 Rxg2 37.Rxa6 Re2+ 38.Kf3 Rxh2 39.d6 Ke6 40.a4 Ra2
41.d7+ Kxd7 42.Rxg6 Rxa4 43.Rxh6 Ke7 1/2-1/2

[Event "EU-chT Seniors 15th"]
[Site "Dresden"]
[Date "2013.07.26"]
[Round "7"]
[White "Schueppen, Heinrich"]
[Black "Lauterbach, Eberhard"]
[Result "1/2-1/2"]
[WhiteElo "1824"]
[BlackElo "1705"]
[EventDate "2013.07.20"]
[PlyCount "27"]

1.d4 d5 2.Nf3 Nf6 3.Bg5 e6 4.e3 c6 5.Nbd2 Nbd7 6.c3 Bd6 7.Bd3 Qc7 8.h3 O-O
9.Bxf6 Nxf6 10.O-O Re8 11.e4 e5 12.dxe5 Bxe5 13.exd5 cxd5 14.Nxe5 1/2-1/2

[Event "EU-chT Seniors 15th"]
[Site "Dresden"]
[Date "2013.07.26"]
[Round "7"]
[White "Weiss, Herbert"]
[Black "Ollek, Karl Heinz"]
[Result "1/2-1/2"]
[WhiteElo "1632"]
[BlackElo "1735"]
[EventDate "2013.07.20"]
[PlyCount "44"]

1.e4 Nf6 2.Nc3 e5 3.Nf3 Nc6 4.Bc4 Be7 5.O-O O-O 6.Re1 a6 7.a3 b5 8.Bb3 d6 
9.Bd5 Bb7 10.d3 Na5 11.Bxb7 Nxb7 12.d4 Nd7 13.d5 f5 14.b4 Nb6 15.Nd2 Qd7 
16.Nf3 a5 17.Bg5 Bxg5 18.Nxg5 h6 19.Ne6 Rf6 20.Qh5 f4 21.Qe2 Nc4 22.Reb1 
f3 1/2-1/2

[Event "EU-chT Seniors 15th"]
[Site "Dresden"]
[Date "2013.07.26"]
[Round "7"]
[White "Dawson, Alastair"]
[Black "Kaiser, Horst"]
[Result "1-0"]
[WhiteElo "1900"]
[BlackElo "1851"]
[EventDate "2013.07.20"]
[PlyCount "55"]

1.d4 d6 2.Nf3 g6 3.Nc3 Bg7 4.e4 Nd7 5.Be3 Ngf6 6.h3 O-O 7.e5 Ne8 8.e6 fxe6
9.Bd3 Nb6 10.Qd2 Nf6 11.Bh6 Bd7 12.Bxg7 Kxg7 13.h4 Qe8 14.O-O-O h5 15.Ng5 
Rc8 16.Rde1 c5 17.dxc5 Rxc5 18.Nxe6+ Bxe6 19.Rxe6 Qf7 20.Rhe1 Re5 21.R6xe5
dxe5 22.Rxe5 Nh7 23.Qe3 Nc8 24.Re6 Nf6 25.f3 Rd8 26.Qe5 Rd6 27.Bc4 Rxe6 
28.Bxe6 1-0

[Event "EU-chT Seniors 15th"]
[Site "Dresden"]
[Date "2013.07.26"]
[Round "7"]
[White "Fitzke, Ulrich"]
[Black "Marks, Ian"]
[Result "0-1"]
[WhiteElo "2003"]
[BlackElo "1981"]
[EventDate "2013.07.20"]
[PlyCount "90"]

1.d4 Nf6 2.c4 c5 3.Nf3 cxd4 4.Nxd4 e5 5.Nf3 Nc6 6.Nc3 Bc5 7.e3 d6 8.Be2 
Be6 9.O-O a6 10.b3 Rc8 11.Bb2 O-O 12.Rc1 h6 13.Rc2 Rc7 14.Rd2 Rd7 15.Qb1 
Nh7 16.Rfd1 f5 17.a3 Ng5 18.Nxg5 hxg5 19.Qc2 g4 20.Na4 Ba7 21.c5 d5 22.b4 
Qg5 23.Nc3 d4 24.Na4 Rf6 25.Bc4 Re7 26.exd4 Nxd4 27.Bxd4 exd4 28.Re2 Kh8 
29.g3 Rh6 30.Rde1 d3 31.Qxd3 Bxc4 32.Qd8+ Kh7 33.Rxe7 Qh5 34.h4 gxh3 35.
R7e3 h2+ 36.Kh1 f4 37.Rd3 fxg3 38.fxg3 Bb5 39.Nc3 Bc6+ 40.Nd5 Bb8 41.Re8 
Rf6 42.Re1 Bxg3 43.Red1 Qe5 44.Rd4 Qxd4 45.Rxd4 Rf1+ 0-1

[Event "EU-chT Seniors 15th"]
[Site "Dresden"]
[Date "2013.07.26"]
[Round "7"]
[White "Welz, Peter"]
[Black "Giulian, Philip"]
[Result "0-1"]
[WhiteElo "2149"]
[BlackElo "2230"]
[EventDate "2013.07.20"]
[PlyCount "110"]

1.e4 c6 2.d4 d5 3.e5 Bf5 4.c4 e6 5.Nc3 Ne7 6.c5 b6 7.b4 a5 8.Bg5 Nd7 9.b5 
Qc7 10.bxc6 Nxc6 11.Nb5 Qb7 12.Nd6+ Bxd6 13.cxd6 f6 14.exf6 gxf6 15.Bh4 
Nb4 16.Rc1 Rc8 17.Bb5 O-O 18.Ne2 Nc2+ 19.Kf1 Na3 20.Bd3 Bxd3 21.Qxd3 Rxc1+
22.Nxc1 Nc4 23.Kg1 Qc6 24.h3 Nxd6 25.Kh2 Nf5 26.Bg3 Rc8 27.Ne2 Nf8 28.Qf3 
Qd7 29.Rb1 b5 30.a3 Rc4 31.Qg4+ Kh8 32.Bh4 Qg7 33.g3 Qxg4 34.hxg4 Nxh4 35.
gxh4 b4 36.axb4 axb4 37.Kg3 e5 38.dxe5 fxe5 39.f4 e4 40.f5 d4 41.Kf4 d3 
42.Nc1 Nd7 43.g5 Nb6 44.f6 Kg8 45.h5 Nd5+ 46.Ke5 Nc3 47.Ra1 Rc8 48.Nb3 e3 
49.g6 hxg6 50.hxg6 d2 51.f7+ Kg7 52.Nd4 d1=Q 53.Nf5+ Kxg6 54.Ra6+ Kg5 55.
Nxe3 Qe2 0-1

[Event "EU-chT Seniors 15th"]
[Site "Dresden"]
[Date "2013.07.26"]
[Round "7"]
[White "Kalmutzki, Manfred"]
[Black "Fleischer, Martin"]
[Result "0-1"]
[WhiteElo "1930"]
[BlackElo "1912"]
[EventDate "2013.07.20"]
[PlyCount "112"]

1.d4 e6 2.e3 d5 3.f4 a6 4.Nf3 Nf6 5.Bd3 b5 6.Ne5 c5 7.c3 Bb7 8.Nd2 Nbd7 9.
Qf3 cxd4 10.exd4 Qc7 11.g4 g6 12.h4 h5 13.g5 Nxe5 14.fxe5 Ng4 15.Nf1 Bg7 
16.Bf4 Qb6 17.Ne3 Nxe3 18.Bxe3 b4 19.O-O O-O 20.cxb4 Qxb4 21.Qf2 a5 22.
Rac1 Qb6 23.Rc3 Rac8 24.Rxc8 Bxc8 25.a3 Ba6 26.Bxa6 Qxa6 27.Bd2 Qa7 28.Bc3
a4 29.Bb4 Rc8 30.Kg2 Rc7 31.Bc3 Qa6 32.Rc1 Qd3 33.Qf3 Qb5 34.Qe3 Qb7 35.
Qd2 Qc8 36.Qd3 Rc4 37.Qe3 Qb7 38.Kf2 Bf8 39.Qd2 Qc8 40.Ra1 Be7 41.Kg2 Bd8 
42.Kf3 Qb7 43.Rc1 Bb6 44.Rd1 Bc7 45.Qe3 Qa8 46.Rc1 Qc6 47.Kf2 Ba5 48.Qd2 
Bb6 49.Ke3 Bxd4+ 50.Bxd4 Rxc1 51.Qa5 Qd7 52.Bc5 Qc8 53.Be7 Rh1 54.Qxa4 
Qc1+ 55.Kf3 Qf1+ 56.Ke3 Rh3+ 0-1

[Event "EU-chT Seniors 15th"]
[Site "Dresden"]
[Date "2013.07.26"]
[Round "7"]
[White "Foerster, Juergen"]
[Black "Auvinen, Esa"]
[Result "0-1"]
[WhiteElo "1761"]
[BlackElo "1956"]
[EventDate "2013.07.20"]
[PlyCount "84"]

1.d4 Nf6 2.c4 e6 3.Nc3 d5 4.Bg5 Be7 5.Bxf6 Bxf6 6.e3 b6 7.cxd5 exd5 8.Bd3 
Bb7 9.Nf3 O-O 10.O-O c5 11.Rc1 Nd7 12.Bb1 g6 13.dxc5 Nxc5 14.b4 Ne6 15.a3 
d4 16.Nxd4 Nxd4 17.exd4 Qxd4 18.Qxd4 Bxd4 19.Nb5 Bf6 20.Nd6 Bd5 21.Rcd1 
Be6 22.Bd3 Bb2 23.Nc4 Bxc4 24.Bxc4 Bxa3 25.b5 Rac8 26.Bd5 Rc5 27.Bc6 a5 
28.Rd7 Rc2 29.Rfd1 Bc5 30.R7d2 Rc4 31.g3 a4 32.Ra2 a3 33.Rdd2 Rc8 34.Rd7 
Rc1+ 35.Kg2 Re1 36.Bd5 Re7 37.Rxe7 Bxe7 38.Bc6 Rd8 39.Kf3 f5 40.Ke2 Kf7 
41.h3 Ke6 42.f4 Bb4 0-1

[Event "EU-chT Seniors 15th"]
[Site "Dresden"]
[Date "2013.07.26"]
[Round "7"]
[White "Patola, Eero"]
[Black "Gabriel, Wolfram"]
[Result "1-0"]
[WhiteElo "1947"]
[BlackElo "1733"]
[EventDate "2013.07.20"]
[PlyCount "63"]

1.c4 Nf6 2.Nc3 e6 3.g3 c6 4.Bg2 Be7 5.e4 d5 6.cxd5 cxd5 7.e5 Nfd7 8.d4 Qc7
9.Qg4 O-O 10.Bh6 g6 11.Bxf8 Bxf8 12.Nge2 Nc6 13.h4 Bg7 14.h5 Ne7 15.hxg6 
hxg6 16.Qh4 Nf8 17.Rc1 Nf5 18.Qf4 Qd7 19.g4 Ne7 20.Rd1 b6 21.Rd3 Nc6 22.
Rdh3 Bb7 23.Qh2 f6 24.exf6 Bxf6 25.Qf4 Qe7 26.Nxd5 exd5 27.Bxd5+ Ne6 28.
Qe4 Kf7 29.Nf4 Nd8 30.Qxg6+ Kf8 31.Rh8+ Bxh8 32.Rxh8# 1-0

[Event "EU-chT Seniors 15th"]
[Site "Dresden"]
[Date "2013.07.26"]
[Round "7"]
[White "Schmidt, Gerhard"]
[Black "Zoephel, Heinz"]
[Result "1-0"]
[WhiteElo "2093"]
[BlackElo "2059"]
[EventDate "2013.07.20"]
[PlyCount "67"]

1.e4 e5 2.Nf3 Nf6 3.d4 Nxe4 4.Bd3 d5 5.Nxe5 Be7 6.O-O Nd7 7.c4 Nxe5 8.dxe5
Nc5 9.cxd5 O-O 10.Bc2 f5 11.f4 Ne4 12.Be3 Qe8 13.Nc3 Nxc3 14.bxc3 b6 15.
Bb3 Kh8 16.Qd2 Ba6 17.Rfe1 Qg6 18.Rad1 Rad8 19.Qf2 Bb7 20.Rd2 h5 21.Kh1 h4
22.h3 Qh6 23.Red1 Kh7 24.Bc2 Kg8 25.Bb3 Kh7 26.Kh2 g5 27.fxg5 Bxg5 28.Bxg5
Qxg5 29.Rd4 f4 30.Rf1 Ba6 31.c4 Qxe5 32.Qxh4+ Kg7 33.Rdxf4 Rd6 34.Qg3+ 1-0

[Event "EU-chT Seniors 15th"]
[Site "Dresden"]
[Date "2013.07.26"]
[Round "7"]
[White "Mochalov, Evgeny V"]
[Black "Birnboim, Nathan"]
[Result "1/2-1/2"]
[WhiteElo "2407"]
[BlackElo "2356"]
[EventDate "2013.07.20"]
[PlyCount "55"]

1.d4 d5 2.c4 c6 3.Nf3 g6 4.Nc3 Bg7 5.Bf4 Nf6 6.e3 O-O 7.Qb3 Qa5 8.Be2 dxc4
9.Bxc4 b5 10.Bd3 Be6 11.Qa3 Qb6 12.b4 a5 13.O-O axb4 14.Qxb4 Nbd7 15.Rfb1 
Qa5 16.Ng5 Qxb4 17.Rxb4 Nd5 18.Nxe6 fxe6 19.Nxd5 exd5 20.Rc1 Rfc8 21.Be2 
Kf7 22.a4 bxa4 23.Bg4 e6 24.Rb7 Ke7 25.Bg5+ Kd6 26.Bf4+ Ke7 27.Bg5+ Kd6 
28.Bf4+ 1/2-1/2

[Event "EU-chT Seniors 15th"]
[Site "Dresden"]
[Date "2013.07.26"]
[Round "7"]
[White "Tseitlin, Mark"]
[Black "Kupreichik, Viktor D"]
[Result "1/2-1/2"]
[WhiteElo "2388"]
[BlackElo "2446"]
[EventDate "2013.07.20"]
[PlyCount "41"]

1.e4 c5 2.Nf3 e6 3.Nc3 Qc7 4.d4 cxd4 5.Nxd4 Nc6 6.Be3 Nf6 7.f4 Bb4 8.Nb5 
Qa5 9.e5 Ne4 10.Qd3 f5 11.exf6 Nxf6 12.Be2 a6 13.Nd4 e5 14.Nb3 Qd5 15.fxe5
Qxd3 16.cxd3 Nxe5 17.Bd4 d6 18.a3 Be6 19.axb4 Bxb3 20.b5 Kf8 21.Kd2 
1/2-1/2

[Event "EU-chT Seniors 15th"]
[Site "Dresden"]
[Date "2013.07.26"]
[Round "7"]
[White "Saunina, Ludmila"]
[Black "Maes, Valeer"]
[Result "1/2-1/2"]
[WhiteElo "2208"]
[BlackElo "2182"]
[EventDate "2013.07.20"]
[PlyCount "54"]

1.d4 d5 2.c4 e6 3.Nc3 Nf6 4.cxd5 exd5 5.Bg5 c6 6.Qc2 Be7 7.e3 Nbd7 8.Bd3 
Nh5 9.Bxe7 Qxe7 10.Nge2 g6 11.O-O O-O 12.Rab1 a5 13.a3 Nb6 14.b4 axb4 15.
axb4 Ng7 16.Nc1 Bf5 17.Bxf5 Nxf5 18.b5 Nc4 19.Qd3 Nfd6 20.bxc6 bxc6 21.Nb3
Ra3 22.Rfc1 Rb8 23.Nc5 Rxb1 24.Rxb1 Nb5 25.Rb3 Ra1+ 26.Rb1 Ra3 27.Rb3 Ra1+
1/2-1/2

[Event "EU-chT Seniors 15th"]
[Site "Dresden"]
[Date "2013.07.26"]
[Round "7"]
[White "Schuermans, Robert"]
[Black "Titorenko, Natalia I"]
[Result "0-1"]
[WhiteElo "2127"]
[BlackElo "2164"]
[EventDate "2013.07.20"]
[PlyCount "74"]

1.e4 d5 2.exd5 Nf6 3.Bb5+ Nbd7 4.c4 a6 5.Bxd7+ Bxd7 6.Nf3 e6 7.Qe2 Qe7 8.
dxe6 Qxe6 9.Qxe6+ Bxe6 10.b3 b5 11.Nd4 Bd7 12.O-O O-O-O 13.cxb5 axb5 14.
Bb2 Bd6 15.Na3 c6 16.Nac2 Ng4 17.f4 h5 18.Ne3 Bb4 19.Nf3 f6 20.h3 Nh6 21.
a4 Kb7 22.Bc3 Bd6 23.Nd4 Bc5 24.axb5 cxb5 25.b4 Bb6 26.Kh2 Rhe8 27.Nd5 Bc6
28.Nxb6 Kxb6 29.Nxc6 Kxc6 30.Ra6+ Kd5 31.Rf3 Nf5 32.Rd3+ Ke4 33.Rxd8 Rxd8 
34.g3 Kf3 35.Ra5 Re8 36.Rxb5 Re2+ 37.Kg1 Nxg3 0-1